LEADER 01233nam 2200397 450 001 9910494727003321 010 $a90-272-6235-7 035 $a(CKB)4100000008334476 035 $a(MiAaPQ)EBC5778058 035 $a(EXLCZ)994100000008334476 100 $a20190607d2019 uy 0 101 0 $aeng 135 $aurcnu|||||||| 181 $ctxt$2rdacontent 182 $cc$2rdamedia 183 $acr$2rdacarrier 200 14$aThe neurocognition of translation and interpreting /$fAdolfo M. Garci?a 210 1$aAmsterdam ;$aPhiladelphia :$cJohn Benjamins Publishing Company,$d[2019] 210 4$d©2019 215 $a1 online resource (290 pages) $cillustrations 311 $a90-272-0339-3 320 $aIncludes bibliographical references and index. 606 $aNeurolinguistics 606 $aTranslating and interpreting 608 $aElectronic books. 615 0$aNeurolinguistics. 615 0$aTranslating and interpreting. 676 $a612.82336 700 $aGarci?a$b Adolfo M.$0765850 801 0$bMiAaPQ 801 1$bMiAaPQ 801 2$bMiAaPQ 906 $aBOOK 912 $a9910494727003321 996 $aThe neurocognition of translation and interpreting$92444966 997 $aUNINA LEADER 01740nam 2200529Ia 450 001 9910462195503321 005 20200520144314.0 010 $a1-84964-773-9 035 $a(CKB)2670000000242148 035 $a(StDuBDS)AH24461450 035 $a(SSID)ssj0000770776 035 $a(PQKBManifestationID)11434652 035 $a(PQKBTitleCode)TC0000770776 035 $a(PQKBWorkID)10791681 035 $a(PQKB)11259626 035 $a(MiAaPQ)EBC3386678 035 $a(Au-PeEL)EBL3386678 035 $a(CaPaEBR)ebr10603341 035 $a(OCoLC)813285756 035 $a(EXLCZ)992670000000242148 100 $a20120813d2012 uy 0 101 0 $aeng 135 $aur||||||||||| 181 $ctxt 182 $cc 183 $acr 200 10$aHow to look good in a war$b[electronic resource] $ejustifying and challenging state violence /$fBrian Rappert 210 $aLondon $cPluto Press$d2012 215 $a1 online resource (viii, 167 p.) 300 $aBibliographic Level Mode of Issuance: Monograph 311 $a0-7453-3180-7 320 $aIncludes bibliographical references and index. 330 $aDetailing the 'upside-down' world of war, 'How To Look Good in a War' examines the methods used to depict, defend and justify the use of state violence. 606 $aWar$xPress coverage 606 $aWar$xMoral and ethical aspects 608 $aElectronic books. 615 0$aWar$xPress coverage. 615 0$aWar$xMoral and ethical aspects. 676 $a070.44935500941 700 $aRappert$b Brian$0801624 801 0$bMiAaPQ 801 1$bMiAaPQ 801 2$bMiAaPQ 906 $aBOOK 912 $a9910462195503321 996 $aHow to look good in a war$92275523 997 $aUNINA LEADER 09241nam 22009255 450 001 9910557707603321 005 20240222202904.0 010 $a9788366675193 010 $a836667519X 024 7 $a10.2478/9788366675193 035 $a(CKB)5400000000002156 035 $a(DE-B1597)573084 035 $a(DE-B1597)9788366675193 035 $a(oapen)https://directory.doabooks.org/handle/20.500.12854/69825 035 $a(ScCtBLL)63eb0559-2d25-4259-91b4-d5fc971db4a6 035 $a(oapen)doab69825 035 $a(EXLCZ)995400000000002156 100 $a20210225h20212020 fg 101 0 $aeng 135 $aur||#|||||||| 181 $ctxt$2rdacontent 182 $cc$2rdamedia 183 $acr$2rdacarrier 200 00$aArt and Research - Contemporary Challenges /$fAnca Doina Ciobotaru, George Enescu 210 $cDe Gruyter$d2020 210 1$aWarsaw ;$aBerlin :$cSciendo,$d[2021] 210 4$d©2020 215 $a1 online resource 327 $tFrontmatter --$tCONTENT --$tTHEATRE STUDIES --$tKnowledge - Creativity - Action --$tThe Impact Of Technology In Reshaping Artistic Education --$tTheatre Criticism and Its Recipients --$tSociological Research On Cultural Consumption Practices --$tWhen The Puppets Tell The Concentrationary Inferno. Eldorado Terezín (Rodéo D'âme, 2017) And Kamp (Modern Hotel, 2005) --$tTheatrical Research and the Limits of Interdisciplinarity --$tActor's Art in Support of General Education --$tFeedback Effect And Its Applications In The Art Of Stage Speech --$tWho, What, Why, Where, And How Is The Clown Today? --$tClown-Inspired Elements Present In Everyday Clothing --$tClow-Related Items Inserted In The Romanian Shows --$tContemporary Aspects Of Dance Theory --$tSamuel Beckett And The Temptation Of Direction --$tArtificial Intelligence - Competitive Identity Of The Research Of The Future --$tMUSIC STUDIES --$tThe Autonomy Of The Aesthetic Dimension In The Romanian Musical Works Of The Decade 1980-1990. Pascal Bentoiu And His Generation --$tSocialist And Post-Socialist Histories Reflected In The Recent Past Of The Philharmonic In Bucharest --$tSound and the Acoustic Model: Capacities of Multimedia Usage --$tContemporary Perspectives On The Multi-Part Sonata R. 64 By Antonio Soler --$tString Concerto nr.2 by Sigismund Todu?? between the neobaroque and the contemporary styles --$tFuzzy Sets and the techniques of Development in L. van Beethoven's Piano Sonata nr. 8 in C minor --$tA Contemporary Approach to Music Instrumentation --$tElements of Modernity in the Piano Sonata by Anton Zeman --$tCharacteristics Of Symphonic Jazz --$tMusic Issues in Historical Films --$tQueen Elisabeth of Romania: her contribution to Romanian music and her relationship with important musicians of the time --$tFINE ARTS STUDIES --$tDorin Baba. Art and research --$tPost-Medium Condition In Contemporary Art. Post-Medium Aspects In Photographic And Pictorial Images --$tCultural Memory Within The User Experience: From The Past To An Interface Of The Future --$tReiterating the Message in Graffiti Art --$tA Fashion Hermeneutic 330 $aIn the artistic / vocational academic education field, a phrase like "scientific research" generates several controversies; however, they can be the roots of interdisciplinary approaches, through which to build bridges between concern and research. The conference "Art and Research - contemporary challenges" aims, also through the published volume, to disseminate the results of research undertaken within the project Art and research - contemporary challenges (CNFIS-FDI-2020-0537). Held between the Doctoral Schools and Research Centers of George Enescu National University of Arts, from Iasi, the conference addresses doctoral students and doctoral coordinators, as well as all university teachers or masters interested in the topic of art interdisciplinarity, use of creative methods and critical tools. Three directions are pursued, namely Theater, Music and Visual Arts, out of the desire to find both common points and to create the possibility for young researchers to meet, to know the directions and concerns in the field of arts research and to realize on future teams. Both the Conference and the resulting volume of articles are aimed at international openness, being published on international databases. Therefore, the impact would be important and not limited to the local perimeter. Editorial Board List Editor-in-ChiefProfessor PhD habil. Anca Doina Ciobotaru, George Enescu National University of Arts, Ia?i, Romania Managing EditorLecturer PhD habil Ioana Petcu, George Enescu National University of Arts, Ia?i, Romania Editorial Advisory BoardProfessor PhD Laura Vasliu, George Enescu National University of Arts, Ia?i, RomaniaProfessor PhD Leonard Dumitriu, George Enescu National University of Arts, Ia?i, RomaniaProfessor PhD Aurelian B?l?i??, George Enescu National University of Arts, Ia?i, RomaniaAssociate Professor Monica Pop, George Enescu National University of Arts, Ia?i, RomaniaLecturer PhD habil C?lin Ciobotari, George Enescu National University of Arts, Ia?i, RomaniaLecturer PhD habil Adrian Stoleriu, George Enescu National University of Arts, Ia?i, Romania EditorsAssociate professor PhD Raluca Bujoreanu-Hu?anu, George Enescu National University of Arts, Ia?i, RomaniaAssociate Professor PhD Loredana Ia?e?en, George Enescu National University of Arts, Ia?i, RomaniaAssociate professor PhD Ecaterina Marghidan, George Enescu National University of Arts, Ia?i, RomaniaLanguage EditorsUniversum Translation Services Technical EditorsLecturer PhD Bgdan Anghel, George Enescu National University of Arts, Ia?i, RomaniaPhD student Carmen Antochi, George Enescu National University of Arts, Ia?i, RomaniaPhD student Andreea Chiril?, George Enescu National University of Arts, Ia?i, Romania 606 $aART / General$2bisacsh 610 $aArts 610 $aCultural Studies 610 $aGenres and Media in Cultural Studies 610 $aGeneral Genre and Media Studies 610 $aMusic, 610 $aVisual Arts 610 $aPhotography 615 7$aART / General. 700 $aCiobotaru$b Anca Doina$4edt$01592793 702 $aAvram$b Cristi$4ctb$4https://id.loc.gov/vocabulary/relators/ctb 702 $aBandac$b Alexandra$4ctb$4https://id.loc.gov/vocabulary/relators/ctb 702 $aBejan$b Petru$4ctb$4https://id.loc.gov/vocabulary/relators/ctb 702 $aCamp?u$b Elisabeta$4ctb$4https://id.loc.gov/vocabulary/relators/ctb 702 $aChirazi$b Marian$4ctb$4https://id.loc.gov/vocabulary/relators/ctb 702 $aChirila$b Andreea$4ctb$4https://id.loc.gov/vocabulary/relators/ctb 702 $aCibisescu-Duran$b Eugenia$4ctb$4https://id.loc.gov/vocabulary/relators/ctb 702 $aCibisescu-Duran$b Georgiana$4ctb$4https://id.loc.gov/vocabulary/relators/ctb 702 $aCibisescu-Duran$b Iulia$4ctb$4https://id.loc.gov/vocabulary/relators/ctb 702 $aCiobotari$b C?lin$4ctb$4https://id.loc.gov/vocabulary/relators/ctb 702 $aCiobotaru$b Anca Doina$4ctb$4https://id.loc.gov/vocabulary/relators/ctb 702 $aCiobotaru$b Anca Doina$4edt$4http://id.loc.gov/vocabulary/relators/edt 702 $aCoroiu$b Petru?a-Maria$4ctb$4https://id.loc.gov/vocabulary/relators/ctb 702 $aCostea$b Maria Bianca$4ctb$4https://id.loc.gov/vocabulary/relators/ctb 702 $aCre?u$b C?t?lin$4ctb$4https://id.loc.gov/vocabulary/relators/ctb 702 $aDarie$b Andreea$4ctb$4https://id.loc.gov/vocabulary/relators/ctb 702 $aDobo?$b Cristian Ilie$4ctb$4https://id.loc.gov/vocabulary/relators/ctb 702 $aEnescu$b George$4edt$4http://id.loc.gov/vocabulary/relators/edt 702 $aGhi?ulescu$b Mariana$4ctb$4https://id.loc.gov/vocabulary/relators/ctb 702 $aIb?nescu$b Daniela-Corina$4ctb$4https://id.loc.gov/vocabulary/relators/ctb 702 $aLazar$b Andrei$4ctb$4https://id.loc.gov/vocabulary/relators/ctb 702 $aLucan$b Ivona$4ctb$4https://id.loc.gov/vocabulary/relators/ctb 702 $aLungu$b Mirela$4ctb$4https://id.loc.gov/vocabulary/relators/ctb 702 $aMonah$b Dana$4ctb$4https://id.loc.gov/vocabulary/relators/ctb 702 $aMuscalu$b Sarah$4ctb$4https://id.loc.gov/vocabulary/relators/ctb 702 $aNetedu$b Adrian$4ctb$4https://id.loc.gov/vocabulary/relators/ctb 702 $aPalade$b Lauren?iu$4ctb$4https://id.loc.gov/vocabulary/relators/ctb 702 $aPuscasu$b Alina$4ctb$4https://id.loc.gov/vocabulary/relators/ctb 702 $aRuncan$b Miruna$4ctb$4https://id.loc.gov/vocabulary/relators/ctb 702 $aSandu-Dediu$b Valentina$4ctb$4https://id.loc.gov/vocabulary/relators/ctb 702 $aSemenov$b Sorin Constantin$4ctb$4https://id.loc.gov/vocabulary/relators/ctb 702 $aSpînu$b Dan$4ctb$4https://id.loc.gov/vocabulary/relators/ctb 702 $aUlaru$b Nic$4ctb$4https://id.loc.gov/vocabulary/relators/ctb 702 $aVasiliu$b Laura Otilia$4ctb$4https://id.loc.gov/vocabulary/relators/ctb 801 0$bDE-B1597 801 1$bDE-B1597 906 $aBOOK 912 $a9910557707603321 996 $aArt and Research - Contemporary Challenges$93912497 997 $aUNINA